LEADER 01409nam a2200313 a 4500 001 000000119502 003 CaOOAMICUS 005 20100125152100.0 008 100125t2010 it aboe u000 u ita r 040 $aPUL$bita$dReb 041 1 $aita$heng 100 1 $aFields, Nic.$0(OLS)http://pul/name/74681 240 10$aRoman army of the punic wars : 264-146 B.C.$lItaliano.$0(OLS)http://pul/title/150359 245 10$aRoma contro Cartagine /$cNic Fields. 260 $aMilano :$bRBA Italia,$cİ2010. 300 $a96 p. :$bill., c. geogr., foto ;$c25 cm. 490 1 $aRoma e Grecia$aLe battaglie, gli eserciti, i grandi condottieri 490 1 $aRoma$aLe guerre puniche I 500 $aPubblicazione periodica settimanale. 504 $aInclude bibliografia ed indice. 650 4$aGuerre puniche.$0(OLS)http://pul/subject/29852 651 4$aRoma$xOrganizzzazione militare.$0(OLS)http://pul/subject/33739 830 0$aRoma$pLe guerre puniche I.$0(OLS)http://pul/title/150361 830 0$aRoma e Grecia$pLe battaglie, gli eserciti, i grandi condottieri.$0(OLS)http://pul/title/150360 850 $aPUL 852 $aPUL$W1$xDP2 Filosofia 3$y112$m930 COLL 2.1$j137096$qDDC 21$q $B136165$CPULBib$Z2$F136165 $H112397 $81 941 1 $a9 996 $6245$aRoma contro Cartagine$9(OLS)http://pul/title/150358 996 $6260$aMilano :$bRBA Italia$9(OLS)http://pul/publisher/80118 LEADER 01668nam a2200313 a 4500 001 000000160149 003 CaOOAMICUS 005 20170411102840.0 008 170411s2017 it u000 u ita r 020 $a978-88-942446-0-1* 032 $aLibriCat 040 $aPUL$bita 082 04$a262.94 245 02$aL'amministrazione dei beni degli enti ecclesiastici tra carisma e servizio :$batti del convegno San Giovanni Rotondo, 20 giugno 2016 /$ca cura di Francesco Lozupone ; prefazione del Card. Pietro Parolin ; contributi di Michele Castoro ... [et al.] ; comitato scientifico Francesco Lopuzone ... [et al.]. 260 $aSan Giovanni Rotondo :$bCasa Sollievo della Sofferenza,$cİ2017. 300 $a190 p. ;$c21 cm. 504 $aBibliografia in nota. 650 4$aBeni ecclesiastici.$0(OLS)http://pul/subject/1129 700 1 $aLozupone, Francesco Saverio.$0(OLS)http://pul/name/50623 700 1 $aParolin, Pietro,$ccard.$0(OLS)http://pul/name/94301 700 1 $aCastoro, Michele.$0(OLS)http://pul/name/102430 850 $aPUL 852 $aPUL$W1$xSL Diritto Canonico 3$y77$m262. 94 LOZFR 2$j183749$qDDC 21$B186957$CPULBib$Z2$F186957 $H129440 $81 941 1 $a9 996 $6020$a978-88-942446-0-1*$9(OLS)http://pul/number/162474 996 $6082$a262.94$9(OLS)http://pul/classification/422 996 $6245$aL'amministrazione dei beni degli enti ecclesiastici tra carisma e servizio :$batti del convegno San Giovanni Rotondo, 20 giugno 2016$9(OLS)http://pul/title/199798 996 $6260$aSan Giovanni Rotondo :$bCasa Sollievo della Sofferenza$9(OLS)http://pul/publisher/86220